Statistics for Countries by Borders in 75 Seconds

Click here to take the quiz!

General Stats

  • This quiz has been taken 23 times
  • The average score is 139 of 157

Answers on the Map

Answers color-coded by a green-red scale on the quiz's map according to % correct below.
 

Answer Stats

Country% Correct
Afghanistan
100%
Algeria
100%
Argentina
100%
Bhutan
100%
Bolivia
100%
Botswana
100%
Brazil
100%
Bulgaria
100%
Burkina Faso
100%
Central African
Republic
100%
China
100%
D. R. Congo
100%
France
100%
Germany
100%
India
100%
Iran
100%
Iraq
100%
Kazakhstan
100%
Kyrgyzstan
100%
Laos
100%
Libya
100%
Mali
100%
Mauritania
100%
Mongolia
100%
Morocco
100%
Myanmar
100%
Namibia
100%
Nepal
100%
Niger
100%
North Korea
100%
Pakistan
100%
Paraguay
100%
Rep. of the Congo
100%
Russia
100%
Saudi Arabia
100%
South Sudan
100%
Tajikistan
100%
Tanzania
100%
Turkey
100%
Uganda
100%
Vietnam
100%
Zimbabwe
100%
Angola
95%
Armenia
95%
Austria
95%
Azerbaijan
95%
Belarus
95%
Benin
95%
Cameroon
95%
Canada
95%
Chad
95%
Colombia
95%
Croatia
95%
Estonia
95%
Finland
95%
Georgia
95%
Greece
95%
Hungary
95%
Kenya
95%
Kuwait
95%
Latvia
95%
Lithuania
95%
Mexico
95%
Mozambique
95%
Nigeria
95%
North Macedonia
95%
Norway
95%
Oman
95%
Peru
95%
Poland
95%
Romania
95%
Rwanda
95%
Serbia
95%
South Africa
95%
Sudan
95%
Switzerland
95%
Tunisia
95%
Ukraine
95%
United Arab Emirates
95%
United States
95%
Uruguay
95%
Venezuela
95%
Yemen
95%
Zambia
95%
Belgium
89%
Burundi
89%
Chile
89%
Czech Republic
89%
Denmark
89%
Eswatini
89%
Ethiopia
89%
Guinea
89%
Guyana
89%
Italy
89%
Ivory Coast
89%
Jordan
89%
Lesotho
89%
Netherlands
89%
Somalia
89%
Spain
89%
Suriname
89%
Syria
89%
Andorra
84%
Ecuador
84%
Egypt
84%
Ghana
84%
Guatemala
84%
Kosovo
84%
Luxembourg
84%
Montenegro
84%
Portugal
84%
Qatar
84%
Slovakia
84%
Slovenia
84%
Togo
84%
Albania
79%
Bangladesh
79%
Belize
79%
Bosnia and
Herzegovina
79%
Cambodia
79%
Dominican Republic
79%
Gabon
79%
Haiti
79%
Indonesia
79%
Ireland
79%
Israel
79%
Liberia
79%
Malaysia
79%
San Marino
79%
Senegal
79%
Sierra Leone
79%
Turkmenistan
79%
United Kingdom
79%
Vatican City
79%
Costa Rica
74%
El Salvador
74%
Eritrea
74%
Honduras
74%
Nicaragua
74%
Panama
74%
Papua New Guinea
74%
Sweden
74%
Thailand
74%
Djibouti
68%
East Timor
68%
Moldova
68%
Sri Lanka
68%
Uzbekistan
68%
Guinea-Bissau
63%
Lebanon
63%
Malawi
63%
Monaco
58%
South Korea
58%
Equatorial Guinea
53%
Liechtenstein
47%
Brunei
42%
Gambia
32%

Score Distribution

Percentile by Number Answered

Percent of People with Each Score

Your Score History

You have not taken this quiz